000 00545nam a2200217Ia 4500
003 0100
008 130307s9999 xx 000 0 und d
040 _cARRUPELIB
050 _aHV6430.M28M53 2002
100 _aMichel, Lou
245 _aAmerican terrorist
245 _bTimothy McVeigh & the tragedy at Oklahoma City
260 _aNew York :
260 _bAvon Books
260 _c2002.
300 _axxvii
300 _b530 p. 16 p. of plates : ill. 17 cm.
650 _bCatholic Church
700 _aHerbeck, Dan
942 0 0 _02
999 _c99823
_d99823